000 00312nam a2200133Ia 4500
008 221030s9999 xx 000 0 und d
041 _aEnglish
082 _a105.23
100 _aI. C. Jong
245 0 _aEngineering Mechanics: Statics and Dynamics
_cby I. C. Jong
260 _c0
650 _aB
942 _cBK
999 _c10355
_d10355